Mediocre Famous People of History A -Z - Statistics

General Stats
  • This quiz has been taken 118 times
  • The average score is 9 of 26
Answer Stats
Hint Answer % Correct
Q Emperor, who gave China its name Qin Shi Huang
84%
O German emperor, who defeated the Magyars at Lechfeld Otto I
74%
J Successor to Abraham Lincoln, arguably one of the worst presidents Andrew Johnson
65%
M Incredibly rich king of Mali Mansa Musa
63%
D Roman emperor, who splitted the empire in 4 parts Diocletian
60%
V Dutch painter of the Golden Age (Girl with a Pearl Earring) Johannes Vermeer
60%
Z French author involved in the Dreyfus affair Émile Zola
56%
T Central Asian conqueror of Iran, Iraq and India Timur the Lame
54%
R Foreign Minister of Nazi Germany, signed a non-aggression pact with Molotov Joachim von Ribbentrop
46%
X Athenian general and student of Socrates Xenophon
42%
W Leader of the Dutch Resistance in the 80 Years War William of Orange
40%
H Invented Ammonia synthesis and modern chemical warfare Fritz Haber
26%
I Grand Prince of Musovy and first Tsar of Russia Ivan III
26%
U Second caliph of the Rashidun Caliphate and important figure in Sunni Islam Umar
26%
P French diplomat, who divided the Levant after WWI François Georges Picot
25%
B General of Justinian, who conquered Rome Belisarius
23%
L Chief of German General Staff in WWI, supported the Hitler Coup of 1923 Erich Ludendorff
23%
S National hero of Albania, who defeated the Ottomans Skanderbeg
18%
Y Korean admiral who defeated the Japanese using Turtle Ships Yi Sun-sin
18%
A Greek astronomer developing a heliocentric cosmos theory Aristarchus
16%
C Swedish king in the Great Northern War Charles XII
16%
F Important mathematician and scientific advisor of Napoleon Joseph Fourier
16%
E Austrian general in the Great Turkish and Spanish Succession War Eugen of Savoy
14%
N Founder of the Church of the East (Assyrian Church) Nestorius
14%
G Military leader, who forged the Majapahit Empire Gajah Mada
9%
K Sassanid King leading the empire to a golden age Khosrow I
9%
No matching quizzes found
Score Distribution
Percent of People with Each Score
Percentile by Number Answered
Your Score History
You have not taken this quiz